Statistics for NXT Roster 2018

Click here to take the quiz!

General Stats

  • This quiz has been taken 181 times
    (150 since last reset)
  • The average score is 18 of 59

Answer Stats

Wrestler% Correct
Adam Cole (BAYBAY)
91%
Johnny Gargano
80%
Bobby Fish
79%
Ricochet
65%
Roderick Strong
64%
Tommaso Ciampa
59%
Aleister Black
58%
Kyle O'Reilly
56%
Pete Dunne
56%
The Velveteen Dream
56%
Nikki Cross
46%
Shayna Baszler
45%
EC3
44%
Eric Young
44%
Kairi Sane
44%
Keith Lee
44%
Akam
43%
Alexander Wolfe
43%
Andrade 'Cien' Almas
42%
Candice LeRae
39%
Killian Dain
39%
Rezar
38%
Bianca Belair
36%
Lars Sullivan
36%
Ember Moon
35%
Tyler Bate
32%
Angelo Dawkins
31%
Dakota Kai
30%
Montez Ford
28%
Hanson
26%
Danny Burch
23%
Rowe
23%
Kassius Ohno
22%
Aliyah
20%
Billie Kay
20%
Oney Lorcan
20%
Peyton Royce
20%
Trent Seven
20%
Tucker Knight
17%
Shane Thorne
16%
Lacey Evans
15%
Buddy Murphy
13%
Otis Dozovic
13%
Lio Rush
12%
Tegan Nox
12%
Nick Miller
11%
Fabian Aichner
7%
Vanessa Borne
7%
Wesley Blake
7%
Cezar Bononi
6%
Kona Reeves
6%
No Way Jose
6%
Riddick Moss
5%
Taynara Conti
5%
Wolfgang
4%
Tino Sabbatelli
3%
Mark Andrews
2%
Mercedes Martinez
2%
Chris Dijak
0%

Score Distribution

Percentile by Number Answered

Percent of People with Each Score

Your Score History

You have not taken this quiz since the last reset